Liverpool FC 2024-2025 Squad - Statistics

General Stats
  • This quiz has been taken 160 times
  • The average score is 23 of 32
Answer Stats
Position # Nationality Player % Correct
Manager - Dutch Arne Slot
97%
GK 1 Brazilian Alisson Becker
96%
CB 4 Dutch Virgil van Dijk
91%
CM 10 Argentine Alexis Mac Allister
90%
LW 7 Colombian Luis Díaz
90%
RW 11 Egyptian Mohamed Salah
90%
RB 66 English Trent Alexander-Arnold
90%
ST 9 Uruguyan Darwin Núñez
89%
LB 28 Scottish Andrew Robertson
87%
CF 20 Portuguese Diogo Jota
87%
LW 14 Italian Federico Chiesa
87%
CAM 8 Hungarian Dominik Szoboszlai
86%
CB 5 French/Rwandan Ibrahima Konate
86%
CDM 3 Japan Wataru Endo
86%
LW 18 Dutch/Togolese Cody Gakpo
85%
GK 62 Irish Caoimhin Kelleher
82%
CB 2 English/Gambian Joe Gomez
78%
CM 38 Dutch/Surinamese Ryan Gravenberch
78%
RB 84 Northern Irish Conor Bradley
76%
CM 17 English Curtis Jones
76%
LB 21 Greek Konstantinos Tsimikas
76%
CAM 19 English Harvey Elliott
73%
GK (on loan at Valencia) 25 Georgian Giorgi Mamardashvili
67%
CB 78 English/Scottish Jarell Quansah
62%
CDM (on loan at RB Salzburg) 43 Spanish/Serbian Stefan Bajčetić
58%
RW (on loan at Middlesbrough) 50 Scottish Ben Doak
49%
GK 56 Czech Vitezslav Jaros
46%
CB (on loan at Derby County) 47 English Nathaniel Phillips
41%
CDM 80 English Tyler Morton
35%
CB (on loan at Morecambe) 46 English/Jamaican Rhys Williams
30%
RB (on loan at Wigan) 22 Scottish Calvin Ramsay
28%
GK (on loan at Livingston) 45 Brazilian/German Marcelo Pitaluga
20%
No matching quizzes found
Score Distribution
Percent of People with Each Score
Percentile by Number Answered
Your Score History
You have not taken this quiz